000 01090nam a2200277 a 4500
001 000041003
005 20201002034537.0
008 130913s19571998sp 000 0 spa d
040 _aDO-SdBNP
_bspa
_cBNPHU
082 _axxx
_bxxx
130 0 _aBiblia
_967441
245 1 0 _aBiblia Polyglotta Matritensia.
260 _aMatriti, España :
_bConsejo Superior de Investigaciones Científicas,
_c1957-[1998].
300 _av. ;
_c32 cm.
490 1 _aIV
500 _aLa biblioteca posee el proemium, L. 3 y L.5
505 0 _gConté
_tProoemium
_gL. 1
_tGenesis.
_gL. 2
_tExodus.
_gL. 3
_tLeviticus.
_gL. 5
_tDeuteronomium
_gL. 21
_tPsalterium visigothicum-mozarabicum
_gL. 21
_tPsalterium S. Hieronymi de Hebraica veritate interpretatum
700 1 _aAyuso Marazuela, Teófilo
_967442
700 1 _aDíez Macho, Alejandro
_965385
700 1 _aOrtiz de Urbina, Ignacio
_967443
730 0 _aBiblia.7
_pA.T.
_pVisigótico-mozárabe
_967444
730 0 _aBíblia
_pA.T
_pÉxode
_967445
730 0 _aBíblia
_pA.T
_pDeuteronomi
_967446
730 0 _aBíblia
_pA.T
_pLevític
_967447
830 0 _aIV
_967448
999 _c40493
_d40493